| 000 | 01949nam a2200229Ia 4500 | ||
|---|---|---|---|
| 003 | Ost | ||
| 005 | 20260507075033.0 | ||
| 008 | 260507s9999||||xx |||||||||||||| ||und|| | ||
| 040 | _cfsecg | ||
| 041 | _aara | ||
| 082 | _a330 | ||
| 100 |
_aأبو المكارم، وصفي عبد الفتاح _eمؤلف |
||
| 245 | 0 |
_aدراسات متقدمة في مجال المحاسبة المالية / _c وصفي عبد الفتاح أبو المكارم |
|
| 250 | _aطبعة 2 | ||
| 260 |
_aالإسكندرية: _bدار الجامعة الجديدة, _c2004 |
||
| 300 |
_a826 صفحة؛ _bإيضاحات ؛ _c24 سم |
||
| 520 | _aتحليل مصادر المعرفة المحاسبية- مقومات النظرية المحاسبية- الإطار النظري للمحاسبة المالية وفقا امعايير ومبادئ المحاسبة المتعارف عليها-العلاقة المفقودة بين الإفصاح المحاسبي وطبقة القياس والإتصال المحاسبي- إدارة المكاسب وتسوية الأرباح خلال الفترة المحاسبية من منظور إقتصادي وأخلاقي- كيفية المحاسبة عن إنخفاض الحاد في قيم الأصول طويلة الأجل- المنظور المحاسبي لتأجيرالتمويل- الأصول-إعداد القوائم المالية والمتغيرات في الأسعار- تحليل وتقييم فعالية تجانس المعايير المحاسبة الدولية في تحقيق خاصية القابلة للمقارنة- قائمة التدفقات- إندماج الشركات- المحاسبة عن العمليات التي تنطوي على عملات أجنبية- التقارير المالية القطاعية والدولية | ||
| 653 | _aالمالية العامة- المحاسبة | ||
| 653 | _aالمحاسبة | ||
| 653 | _aالمحاسبة التحليلية | ||
| 942 | _cكتاب | ||
| 999 |
_c42427 _d42427 |
||